Turbulence (Record no. 5373)

000 -LEADER
fixed length control field 00511nam a2200205 i 4500
001 - CONTROL NUMBER
control field 5373
003 - CONTROL NUMBER IDENTIFIER
control field BD-DhUET
008 - FIXED-LENGTH DATA ELEMENTS--GENERAL INFORMATION
fixed length control field 750220s1975 nyua b 001 0 eng
020 ## - INTERNATIONAL STANDARD BOOK NUMBER
International Standard Book Number 0070290377
040 ## - CATALOGING SOURCE
Original cataloging agency DLC
Transcribing agency DLC
Modifying agency BD-DhUET
082 00 - DEWEY DECIMAL CLASSIFICATION NUMBER
Classification number 532.56
Item number HIN/1975
100 1# - MAIN ENTRY--PERSONAL NAME
Personal name Hinze, J. O.
245 00 - TITLE STATEMENT
Title Turbulence
250 ## - EDITION STATEMENT
Edition statement 2nd ed.
260 ## - PUBLICATION, DISTRIBUTION, ETC. (IMPRINT)
Place of publication, distribution, etc. New York
Name of publisher, distributor, etc. McGraw-Hill
Date of publication, distribution, etc. 1975
300 ## - PHYSICAL DESCRIPTION
Extent x,790p.
Other physical details ill.
Dimensions 24 cm.
490 0# - SERIES STATEMENT
Series statement McGraw-Hill series in mechanical engineering
650 #0 - SUBJECT ADDED ENTRY--TOPICAL TERM
Topical term or geographic name as entry element Turbulence
942 ## - ADDED ENTRY ELEMENTS (KOHA)
Koha item type General Book
Holdings
Koha item type Shelving location Koha full call number Koha date last seen Location (home branch) Withdrawn status Price effective from Date acquired Koha normalized classification for sorting Damaged status Source of classification or shelving scheme Sublocation or collection (holding branch) Lost status Koha issues (times borrowed) Not for loan Piece designation (barcode) Koha date last borrowed Copy number
General BookCirculation section532.56/HIN/19752014-11-26Central Library, BUET 2014-11-262014-11-26532_560000000000000_HIN_1975  Central Library, BUET   63813 1
General BookCirculation section532.56/HIN/19752014-11-26Central Library, BUET 2014-11-262014-11-26532_560000000000000_HIN_1975  Central Library, BUET   63816 2
General BookCirculation section532.56/HIN/19752014-12-07Central Library, BUET 2014-12-072014-12-07532_560000000000000_HIN_1975  Central Library, BUET   44334 3
General BookCirculation section532.56/HIN/19752014-12-07Central Library, BUET 2014-12-072014-12-07532_560000000000000_HIN_1975  Central Library, BUET   63807 4
General BookCirculation section532.56/HIN/19752015-03-29Central Library, BUET 2014-12-072014-12-07532_560000000000000_HIN_1975  Central Library, BUET 1 638122015-03-255
General BookCirculation section532.56/HIN/19752014-12-07Central Library, BUET 2014-12-072014-12-07532_560000000000000_HIN_1975  Central Library, BUET   63805 6
General BookCirculation section532.56/HIN/19752014-12-07Central Library, BUET 2014-12-072014-12-07532_560000000000000_HIN_1975  Central Library, BUET   63810 7
General BookCirculation section532.56/HIN/19752014-12-07Central Library, BUET 2014-12-072014-12-07532_560000000000000_HIN_1975  Central Library, BUET   63808 8
General BookCirculation section532.56/HIN/19752014-12-07Central Library, BUET 2014-12-072014-12-07532_560000000000000_HIN_1975  Central Library, BUET   63809 9
General BookCirculation section532.56/HIN/19752023-02-28Central Library, BUET 2014-12-072014-12-07532_560000000000000_HIN_1975  Central Library, BUET 1 638062022-11-1410
General BookCirculation section532.56/HIN/19752015-09-14Central Library, BUET 2014-12-072014-12-07532_560000000000000_HIN_1975  Central Library, BUET 1 638152015-05-2611
General BookCirculation section532.56/HIN/19752015-03-09Central Library, BUET 2015-03-092015-03-09532_560000000000000_HIN_1975  Central Library, BUET   39158 12
Reading ItemReading section532.56/HIN/19752015-06-07Central Library, BUET 2015-06-072015-06-07532_560000000000000_HIN_1975  Central Library, BUET   58968 13
Reading ItemReading section532.56/HIN/19752015-06-07Central Library, BUET 2015-06-072015-06-07532_560000000000000_HIN_1975  Central Library, BUET   60653 14
Reading ItemReading section532.56/HIN/19752015-06-23Central Library, BUET 2015-06-232015-06-23532_560000000000000_HIN_1975  Central Library, BUET   52729 15
General BookCirculation section532.56 HIN/19752024-11-27Central Library, BUET 2024-11-161985-06-29532_560000000000000_HIN_1975  Central Library, BUET 1 638112024-11-2716
General Book 532.56 HIN/19752024-11-16Central Library, BUET 2024-11-162024-11-16532_560000000000000_HIN_1975  Central Library, BUET      
General BookCirculation section532.56 HIN/19752024-11-16Central Library, BUET 2024-11-162025-09-03532_560000000000000_HIN_1975  Central Library, BUET   39159 18